[Event "TUR-chT 1st League"]
[Site "Konya"]
[Date "2019.07.22"]
[Round "1.4"]
[White "Akat, Elifnaz"]
[Black "Saglamer, Aysen"]
[Result "1/2-1/2"]
[WhiteElo "1509"]
[BlackElo "1509"]
[PlyCount "121"]
[EventDate "2019.07.22"]
[EventType "team-swiss"]
[EventRounds "9"]
[EventCountry "TUR"]
[SourceTitle "CBM 191 Extra"]
[Source "ChessBase"]
[SourceDate "2019.09.30"]
[SourceVersion "1"]
[SourceVersionDate "2019.09.30"]
[SourceQuality "1"]
[WhiteTeam "Burhaniye"]
[BlackTeam "Denizli Metin Surmeli"]
[WhiteTeamCountry "TUR"]
[BlackTeamCountry "TUR"]

1. d4 d5 2. Nf3 Nf6 3. Bf4 c5 4. c3 Qb6 5. Qb3 Nc6 6. e3 c4 7. Qc2 Nh5 8. Bg3 g6 9. Nbd2 Bg7 10. e4 e6 11. Be2 Nxg3 12. hxg3 h6 13. e5 Bd7 14. Rb1 Qc7 15. Nf1 b5 16. Ne3 Qd8 17. Nd2 h5 18. f4 Bh6 19. Nf3 Ne7 20. Kf2 Bc6 21. Rhf1 Rb8 22. a3 Qc8 23. Rh1 a5 24. Qd2 a4 25. Nc2 Kd7 26. Rbf1 Kc7 27. Rh3 Nf5 28. Ke1 Qd8 29. Nb4 Kb6 30. Nc2 Qe7 31. Ne3 Rbe8 32. Nxf5 exf5 33. Qc1 Qd8 34. Kd1 Bd7 35. Rhh1 Be6 36. Qd2 Qd7 37. Nh4 Qd8 38. Nf3 Qd7 39. Qc1 Qd8 40. Qe3 Kc6 41. Rh2 Qe7 42. Qd2 Qd8 43. Rfh1 Qc8 44. Nh4 Qd7 45. Rf1 Qc8 46. Rhh1 Qd7 47. Kc2 Kb6 48. Nf3 Qe7 49. Kd1 Qd8 50. Qc1 Qe7 51. Qd2 Qd8 52. Ke1 Qe7 53. Kd1 Qd8 54. Kc2 Qe7 55. Re1 Qd8 56. Kd1 Qe7 57. Rh2 Qd8 58. Reh1 Qc8 59. Rh3 Qd7 60. Rh4 Qd8 61. R4h2 1/2-1/2

[Event "TUR Cup"]
[Site "Antalya"]
[Date "2019.01.31"]
[Round "8"]
[White "Kurt, Emre"]
[Black "Saglamer, Aysen"]
[Result "1-0"]
[WhiteElo "1677"]
[BlackElo "1499"]
[PlyCount "71"]
[EventDate "2019.01.27"]
[EventType "swiss"]
[EventRounds "11"]
[EventCountry "TUR"]
[SourceTitle "CBM 188 Extra"]
[Source "ChessBase"]
[SourceDate "2019.02.26"]
[SourceVersion "1"]
[SourceVersionDate "2019.02.26"]
[SourceQuality "1"]

1. d4 d5 2. c4 e6 3. Nc3 Be7 4. Nf3 Nf6 5. Bf4 0-0 6. e3 b6 7. Be2 Bb7 8. 0-0 Nbd7 9. h3 c5 10. Rc1 Rc8 11. cxd5 exd5 12. b3 Re8 13. a4 a6 14. Ne5 Nxe5 15. dxe5 Ne4 16. Nxe4 dxe4 17. Qc2 Qd5 18. Rfd1 Qc6 19. Qc4 Rcd8 20. Kf1 Qe6 21. Qc2 g5 22. Bg3 Qg6 23. Rxd8 Bxd8 24. Rd1 Bc7 25. Rd7 Qc6 26. e6 Bxg3 27. exf7+ Kf8 28. fxe8Q+ Kxe8 29. Rxb7 Qxb7 30. fxg3 Qf7+ 31. Kg1 Qb7 32. Qc4 a5 33. Qg8+ Kd7 34. Qxh7+ Kc8 35. Qxb7+ Kxb7 36. h4 1-0

[Event "TUR-chT 1st League"]
[Site "Konya"]
[Date "2018.07.22"]
[Round "9.3"]
[White "Duran, Esma Doga"]
[Black "Saglamer, Aysen"]
[Result "1-0"]
[WhiteElo "1945"]
[BlackElo "1541"]
[PlyCount "129"]
[EventDate "2018.07.16"]
[EventType "team-swiss"]
[EventRounds "9"]
[EventCountry "TUR"]
[SourceTitle "EXT 2019"]
[Source "ChessBase"]
[SourceDate "2018.10.10"]
[SourceVersion "1"]
[SourceVersionDate "2018.10.10"]
[SourceQuality "1"]
[WhiteTeam "Tatvan Egitimi"]
[BlackTeam "Denizli Metin Surmeli"]
[WhiteTeamCountry "TUR"]
[BlackTeamCountry "TUR"]

1. d4 d5 2. c4 e6 3. Nc3 Be7 4. cxd5 exd5 5. Nf3 Nf6 6. Bg5 h6 7. Bh4 0-0 8. Qc2 c6 9. e3 Nbd7 10. Bd3 Re8 11. Bg3 Nf8 12. 0-0 Bd6 13. Rab1 a5 14. a3 Bxg3 15. hxg3 Qe7 16. b4 axb4 17. axb4 b5 18. Ne5 Bb7 19. Ne2 Rec8 20. Bf5 Rc7 21. Nc1 Bc8 22. Bd3 Qd6 23. Qc3 N6d7 24. Nb3 Nb6 25. Ra1 Na4 26. Qd2 Rca7 27. Rfc1 Bd7 28. Na5 Rc7 29. Bc2 Nb6 30. Bb3 Rcc8 31. Nb7 Qc7 32. Nc5 Nc4 33. Nxc4 bxc4 34. Bd1 Bf5 35. e4 Bg6 36. Bf3 Qd6 37. exd5 cxd5 38. Nb7 Qd7 39. Nc5 Qd6 40. Rxa8 Rxa8 41. Rxc4 Rb8 42. Rc1 f6 43. Qb2 Bf7 44. b5 Qb6 45. Be2 Be8 46. Qb3 Bf7 47. Ra1 Qd8 48. Ra7 Be8 49. Bf3 Bf7 50. Be2 Be8 51. Ra6 Bf7 52. b6 Nd7 53. b7 Nxc5 54. dxc5 d4 55. Qb6 Qe8 56. Kf1 Bd5 57. c6 Qe4 58. Bf3 Bc4+ 59. Kg1 Qe1+ 60. Kh2 Bxa6 61. Qxa6 Qe7 62. Qc4+ Kh8 63. c7 Qe8 64. cxb8Q Qxb8 65. Qc8+ 1-0

[Event "TUR-chT 1st League"]
[Site "Konya"]
[Date "2018.07.19"]
[Round "6.7"]
[White "Aslan, Lina"]
[Black "Saglamer, Aysen"]
[Result "1-0"]
[WhiteElo "1521"]
[BlackElo "1541"]
[PlyCount "89"]
[EventDate "2018.07.16"]
[EventType "team-swiss"]
[EventRounds "9"]
[EventCountry "TUR"]
[SourceTitle "EXT 2019"]
[Source "ChessBase"]
[SourceDate "2018.10.10"]
[SourceVersion "1"]
[SourceVersionDate "2018.10.10"]
[SourceQuality "1"]
[WhiteTeam "Aydin Egitim Merkezi"]
[BlackTeam "Denizli Metin Surmeli"]
[WhiteTeamCountry "TUR"]
[BlackTeamCountry "TUR"]

1. e4 e5 2. Nf3 Nc6 3. Bc4 Bc5 4. c3 Nf6 5. d3 0-0 6. 0-0 d6 7. a4 a5 8. h3 h6 9. Re1 Qe7 10. Nbd2 Be6 11. Bxe6 Qxe6 12. Nf1 Kh7 13. Ng3 Ne7 14. Nh4 g6 15. Be3 Nd7 16. Qd2 Bxe3 17. Rxe3 f5 18. exf5 gxf5 19. Ree1 f4 20. Ne2 Qf6 21. Nf3 Nf5 22. Qc2 Rae8 23. c4 c5 24. Nc3 Nd4 25. Nxd4 cxd4 26. Ne4 Qe6 27. f3 Rg8 28. Kh1 Rc8 29. Qb3 b6 30. Qb5 Kh8 31. b4 axb4 32. Qxb4 Rc6 33. a5 bxa5 34. Rxa5 Rb6 35. Qa3 Qg6 36. Rg1 Rgb8 37. Ra8 Qg8 38. Rxb8 Qxb8 39. c5 dxc5 40. Nxc5 Qd6 41. Rc1 Nxc5 42. Rxc5 Ra6 43. Rc8+ Kg7 44. Qb3 Kf6 45. Qg8 1-0

[Event "TUR-chT 1st League"]
[Site "Konya"]
[Date "2018.07.16"]
[Round "1.3"]
[White "Saglamer, Aysen"]
[Black "Baloglu, Dila"]
[Result "0-1"]
[WhiteElo "1541"]
[BlackElo "1595"]
[PlyCount "56"]
[EventDate "2018.07.16"]
[EventType "team-swiss"]
[EventRounds "9"]
[EventCountry "TUR"]
[SourceTitle "EXT 2019"]
[Source "ChessBase"]
[SourceDate "2018.10.10"]
[SourceVersion "1"]
[SourceVersionDate "2018.10.10"]
[SourceQuality "1"]
[WhiteTeam "Denizli Metin Surmeli"]
[BlackTeam "Malatya Yesilyurt"]
[WhiteTeamCountry "TUR"]
[BlackTeamCountry "TUR"]

1. e4 c5 2. Nf3 g6 3. c4 Bg7 4. d4 cxd4 5. Nxd4 Nc6 6. Nc2 Nf6 7. Nc3 d6 8. Be2 0-0 9. 0-0 Be6 10. Bd2 Rc8 11. Rc1 a5 12. b3 Nd7 13. f4 Nc5 14. f5 Bd7 15. g4 e6 16. Rf3 Qh4 17. h3 Ne5 18. Rf1 Qg3+ 19. Kh1 Qxh3+ 20. Kg1 Qg3+ 21. Kh1 Ncd3 22. Be1 Qh3+ 23. Kg1 Nxc1 24. Qxc1 Nxg4 25. Bxg4 Qxg4+ 26. Kf2 Be5 27. Ne2 Qxe4 28. Rg1 Bc6 0-1

[Event "TUR Cup										"]
[Site "Antalya"]
[Date "2018.02.01"]
[Round "9"]
[White "Saglamer, Aysen"]
[Black "Sural, Ceren"]
[Result "1/2-1/2"]
[WhiteElo "1321"]
[BlackElo "1540"]
[PlyCount "128"]
[EventDate "2018.01.27"]
[EventType "swiss"]
[EventRounds "11"]
[EventCountry "TUR"]
[SourceTitle "CBM 182 Extra"]
[Source "ChessBase"]
[SourceDate "2018.02.23"]
[SourceVersion "1"]
[SourceVersionDate "2018.02.23"]
[SourceQuality "1"]

1. e4 d6 2. d4 Nd7 3. Be3 g6 4. f3 Bg7 5. Qd2 e6 6. c4 h6 7. Nc3 Ne7 8. Bd3 e5 9. Nge2 b6 10. 0-0 g5 11. Rac1 Ng6 12. Bb1 0-0 13. Ng3 Nf6 14. Nd5 Nf4 15. dxe5 dxe5 16. Rfd1 Be6 17. Qf2 N6xd5 18. exd5 Bd7 19. Nf5 Bxf5 20. Bxf5 Qf6 21. Be4 Rad8 22. b4 Qe7 23. a3 f5 24. Bb1 Qf6 25. Qc2 Ng6 26. c5 Kh8 27. cxb6 cxb6 28. Qc6 Nf4 29. Qxf6 Rxf6 30. Bxf4 exf4 31. Rc7 a6 32. Ra7 b5 33. Rc7 Bf8 34. Bc2 Bg7 35. Rc6 Rfd6 36. Rxd6 Rxd6 37. Bxf5 Kg8 38. Be6+ Kf8 39. Rd2 Ke8 40. Kf2 Ke7 41. Ke2 Be5 42. Kd3 Kf6 43. Rc2 Rb6 44. Ke4 Bd6 45. Rc8 Be7 46. Rh8 Kg7 47. Rg8+ Kf6 48. Ra8 Bd6 49. Bc8 Be5 50. Rxa6 Rxa6 51. Bxa6 Bb2 52. a4 bxa4 53. Bc4 Ba3 54. b5 Bc5 55. h4 a3 56. hxg5+ hxg5 57. Ba2 Bd6 58. b6 Bb8 59. b7 Bd6 60. Bb3 Bb8 61. Kd4 Ke7 62. Kc5 Kd7 63. Kb6 Kd6 64. Ba2 Kd7 1/2-1/2

[Event "TUR Cup										"]
[Site "Antalya"]
[Date "2018.01.29"]
[Round "4"]
[White "Aydogdu, Cagatay"]
[Black "Saglamer, Aysen"]
[Result "1-0"]
[WhiteElo "1727"]
[BlackElo "1321"]
[PlyCount "59"]
[EventDate "2018.01.27"]
[EventType "swiss"]
[EventRounds "11"]
[EventCountry "TUR"]
[SourceTitle "CBM 182 Extra"]
[Source "ChessBase"]
[SourceDate "2018.02.23"]
[SourceVersion "1"]
[SourceVersionDate "2018.02.23"]
[SourceQuality "1"]

1. e4 c5 2. Nf3 a6 3. g3 g6 4. Bg2 Bg7 5. 0-0 Nc6 6. c4 d6 7. Nc3 e6 8. d3 Nge7 9. Be3 0-0 10. Qd2 f5 11. Bh6 Rb8 12. Bxg7 Kxg7 13. a4 Nd4 14. Nxd4 cxd4 15. Ne2 e5 16. f4 Qc7 17. b4 b6 18. Rac1 Qd7 19. c5 Bb7 20. cxb6 Bc6 21. b5 axb5 22. axb5 Bxb5 23. Rc7 Qd8 24. Ra7 Rf7 25. fxe5 fxe4 26. e6 e3 27. Qb2 Rf2 28. Rxe7+ Kf8 29. Qxd4 Qxe7 30. Qh8# 1-0

[Event "TUR Cup										"]
[Site "Antalya"]
[Date "2018.01.28"]
[Round "2"]
[White "Saglamer, Aysen"]
[Black "Koltuk, Turan"]
[Result "0-1"]
[WhiteElo "1321"]
[BlackElo "1821"]
[PlyCount "114"]
[EventDate "2018.01.27"]
[EventType "swiss"]
[EventRounds "11"]
[EventCountry "TUR"]
[SourceTitle "CBM 182 Extra"]
[Source "ChessBase"]
[SourceDate "2018.02.23"]
[SourceVersion "1"]
[SourceVersionDate "2018.02.23"]
[SourceQuality "1"]

1. e4 c5 2. Nf3 g6 3. d4 Bg7 4. Be3 Nf6 5. Nc3 Qa5 6. Qd2 cxd4 7. Nxd4 Ng4 8. Nb3 Qd8 9. Bg5 Nc6 10. f3 Nf6 11. 0-0-0 h6 12. Be3 d6 13. h4 Be6 14. Nd5 Bxd5 15. exd5 Ne5 16. Bb5+ Nfd7 17. h5 g5 18. Nd4 a6 19. Be2 Nb6 20. Nf5 Bf6 21. Qb4 Nbd7 22. f4 gxf4 23. Bxf4 Qb6 24. Qxb6 Nxb6 25. Nxh6 Na4 26. c3 Rc8 27. g4 Nc4 28. b3 Nxc3 29. Bxc4 Ne2+ 30. Kb1 Nxf4 31. Nf5 b5 32. Bf1 Rc5 33. Ne3 Bg5 34. Nc2 Nxd5 35. Bg2 Nc3+ 36. Kb2 Nxd1+ 37. Rxd1 Kd7 38. Bb7 a5 39. Bd5 e6 40. Bb7 d5 41. b4 axb4 42. Nxb4 Kd6 43. Ba6 Rc4 44. a3 Rxg4 45. Bxb5 Rxh5 46. Bd3 f5 47. Kc3 Rh8 48. Kb3 Rg3 49. Ka2 Bf6 50. Rc1 Rh2+ 51. Kb3 Rb2+ 52. Ka4 Rxb4+ 53. axb4 Rxd3 54. b5 Rc3 55. Rb1 Kc7 56. Ka5 Ra3+ 57. Kb4 Be7# 0-1

[Event "TUR Cup										"]
[Site "Antalya"]
[Date "2018.01.27"]
[Round "1"]
[White "Bekiragaoglu, Umut"]
[Black "Saglamer, Aysen"]
[Result "1/2-1/2"]
[WhiteElo "1753"]
[BlackElo "1321"]
[PlyCount "99"]
[EventDate "2018.01.27"]
[EventType "swiss"]
[EventRounds "11"]
[EventCountry "TUR"]
[SourceTitle "CBM 182 Extra"]
[Source "ChessBase"]
[SourceDate "2018.02.23"]
[SourceVersion "1"]
[SourceVersionDate "2018.02.23"]
[SourceQuality "1"]

1. e4 e5 2. Nf3 Nc6 3. Nc3 Nf6 4. Bb5 Bc5 5. Nxe5 Nxe5 6. d4 Bd6 7. f4 Bb4 8. fxe5 Nxe4 9. 0-0 Bxc3 10. bxc3 0-0 11. Ba3 c5 12. Qe1 Qa5 13. Qxe4 Qxa3 14. Rf3 d5 15. Qxd5 Be6 16. Qxc5 Qxc5 17. dxc5 Rac8 18. c6 Bd5 19. cxb7 Rc5 20. Be2 Bxf3 21. Bxf3 Rxc3 22. Rb1 Rb8 23. Rb4 Kf8 24. Ra4 Rxf3 25. Rxa7 Rxb7 26. Rxb7 Ra3 27. Rb2 Ke7 28. Kf2 Ke6 29. Ke2 Kxe5 30. Kd2 Kd5 31. Rb5+ Ke6 32. Rb2 Kd5 33. c3 Kc4 34. Rb4+ Kc5 35. Rb2 Kc4 36. g3 f5 37. h4 g6 38. Rb4+ Kc5 39. Rb7 Rxa2+ 40. Ke3 Rg2 41. Kf3 Rc2 42. Rxh7 Rxc3+ 43. Kg2 Kd4 44. Rh6 Rc6 45. Kh3 Kd5 46. g4 Rc3+ 47. Kg2 fxg4 48. Rxg6 Ke5 49. Rxg4 Kf6 50. Rg5 1/2-1/2

[Event "TUR-ch (Women)"]
[Site "Cesme"]
[Date "2016.03.11"]
[Round "8"]
[White "Aydin, Gulenay"]
[Black "Saglamer, Aysen"]
[Result "1-0"]
[WhiteElo "1432"]
[BlackElo "1264"]
[PlyCount "119"]
[EventDate "2016.03.07"]
[EventType "swiss"]
[EventRounds "9"]
[EventCountry "TUR"]
[SourceTitle "CBM 171 Extra"]
[Source "ChessBase"]
[SourceDate "2016.04.26"]
[SourceVersion "1"]
[SourceVersionDate "2016.04.26"]
[SourceQuality "1"]

1. e4 e5 2. Nf3 Nc6 3. Bb5 Bc5 4. 0-0 Nf6 5. Re1 0-0 6. h3 d6 7. c3 h6 8. d4 Bb6 9. a4 a6 10. Bc4 Bd7 11. dxe5 dxe5 12. Be3 Bxe3 13. Rxe3 Qe7 14. Nbd2 Rad8 15. Qc2 Be6 16. Bxe6 Qxe6 17. Nh4 Ne7 18. Nf1 Nh5 19. Ng3 Nxg3 20. Rxg3 f5 21. exf5 Nxf5 22. Nxf5 Qxf5 23. Qe2 Kh8 24. Re1 Rfe8 25. Re3 Rd5 26. b4 c6 27. c4 Rd4 28. Rd1 Rxd1+ 29. Qxd1 Qe6 30. Qd3 Qf6 31. Qe2 Qd6 32. b5 axb5 33. axb5 cxb5 34. cxb5 Qc5 35. Kh2 b6 36. f4 e4 37. g4 Qd5 38. Kg3 Qc5 39. h4 Qd5 40. g5 Kh7 41. Qh5 Qd7 42. Qe2 Qd5 43. Kf2 Qf5 44. Kg3 Re6 45. Qg4 Qxg4+ 46. Kxg4 hxg5 47. hxg5 g6 48. Kg3 Kg7 49. Kf2 Kf7 50. Rc3 Ke7 51. Ke3 Kd7 52. Rc4 Kd6 53. Rc6+ Kd5 54. Rxe6 Kxe6 55. Kxe4 Kd6 56. f5 gxf5+ 57. Kxf5 Ke7 58. Kg6 Kf8 59. Kh7 Kf7 60. g6+ 1-0

[Event "TUR-ch (Women)"]
[Site "Cesme"]
[Date "2016.03.07"]
[Round "1"]
[White "Saglamer, Aysen"]
[Black "Ayan, Bengu Sena"]
[Result "0-1"]
[WhiteElo "1264"]
[BlackElo "1717"]
[PlyCount "52"]
[EventDate "2016.03.07"]
[EventType "swiss"]
[EventRounds "9"]
[EventCountry "TUR"]
[SourceTitle "CBM 171 Extra"]
[Source "ChessBase"]
[SourceDate "2016.04.26"]
[SourceVersion "1"]
[SourceVersionDate "2016.04.26"]
[SourceQuality "1"]

1. e4 e6 2. d4 d5 3. exd5 exd5 4. Bd3 Bd6 5. Nf3 Ne7 6. 0-0 Bg4 7. Re1 Nbc6 8. c3 Qd7 9. Bg5 f6 10. Bh4 g5 11. Bg3 0-0-0 12. Bxd6 Qxd6 13. Nbd2 h5 14. b4 Rdg8 15. Qc2 h4 16. b5 Nd8 17. c4 Be6 18. c5 Qd7 19. Nb3 g4 20. Nfd2 g3 21. f3 h3 22. c6 gxh2+ 23. Kxh2 Qd6+ 24. Kg1 Rxg2+ 25. Kf1 Qh2 26. cxb7+ Nxb7 0-1